|
|
|
|
| LEADER |
00000cam a2200000 a 4500 |
| 001 |
vtls001487005 |
| 003 |
SK-MaSNL |
| 005 |
20260302073752.0 |
| 008 |
251106s2004 gw f n 100 0 ger |
| 015 |
|
|
|a SNBZSA2005-00069
|
| 020 |
|
|
|a 3486575643
|q (viaz.)
|
| 035 |
|
|
|a SNK000442297
|
| 035 |
|
|
|a urn:nbn:sk:snk-amlcyg
|
| 035 |
|
|
|a urn:nbn:sk:snk-am0090dk
|
| 035 |
|
|
|a B0B366DA-8E3A-4EBF-AC5C-E85E2E3C11F8
|
| 040 |
|
|
|a SNK
|b slo
|c SNK
|e AACR2
|
| 041 |
0 |
|
|a ger
|
| 043 |
|
|
|a e-gw---
|
| 044 |
|
|
|a gw
|
| 072 |
|
7 |
|a 930
|x Historická veda. Pomocné vedy historické. Archívnictvo
|2 konspekt
|
| 072 |
|
7 |
|a 94(430/439)
|x Dejiny krajín strednej Európy
|2 konspekt
|
| 080 |
|
|
|a 930:061.6
|x (4-191.2)
|2 snkbuxs
|
| 080 |
|
|
|a 94
|x (430/439)
|2 snkbuxs
|
| 245 |
0 |
0 |
|a Südostforschung im Schatten des Dritten Reiches
|b Institutionen - Inhalte - Personen
|c herausgegeben von Mathias Beer, Gerhard Seewann
|
| 260 |
|
|
|a München
|b R. Oldenbourg
|c 2004
|
| 300 |
|
|
|a 288 s.
|c 25 cm
|
| 490 |
1 |
|
|a Südosteuropäische Arbeiten
|
| 500 |
|
|
|a Zoz. aut.
|
| 504 |
|
|
|a Bibliogr. odkazy
|
| 505 |
2 |
0 |
|a Obsahuje aj
|t Das Institut für Heimatforschung in Käsmark (Slowakei) 1941-1944
|r Christoph Morrissey
|
| 650 |
0 |
7 |
|a historiografia
|z Európa stredná
|z Európa východná
|2 snkbuxs
|9 738577
|
| 650 |
0 |
7 |
|a výskumné pracoviská
|2 snkbuxs
|9 578693
|
| 651 |
|
7 |
|a Európa stredná
|2 SNK
|9 23970
|
| 655 |
|
7 |
|a zborníky konferencií
|2 SNKPH
|9 70153
|
| 700 |
1 |
|
|a Beer, Mathias,
|d 1957-
|4 edt
|9 313997
|
| 700 |
1 |
|
|a Seewann, Gerhard,
|d 1944-
|4 edt
|9 377712
|
| 700 |
1 |
2 |
|a Morrissey, Christoph
|t Das Institut für Heimatforschung in Käsmark (Slowakei) 1941-1944
|4 aut
|9 738578
|
| 830 |
|
0 |
|a Südosteuropäische Arbeiten
|9 283504
|
| 919 |
|
|
|a 3-486-57564-3
|
| 958 |
|
|
|a ZS
|
| 958 |
|
|
|a NB
|
| 958 |
|
|
|a DE
|
| 999 |
|
|
|c 1162285
|d 1164215
|
| 952 |
|
|
|t P60, <03>, [BOOK], {603}, -A-
|a SNK
|b SNK
|y PREZ
|7 0
|p 17A0458991
|o snkSC 119376
|i snk2005/4720
|8 2
|g 58.22
|0 0
|1 0
|4 0
|d 2004-12-14
|f 1
|l 0
|r 2025-05-28 00:00:00
|w 2026-02-24
|